000 00680nam a2200241 a 4500
001 14840
003 UkOxU
005 20211208235712.0
008 140208s1968 njua 001 0 eng d
035 _a(BD-RjUL)14894
040 _aBD-RjUL
_beng
_cBD-RjUL
_dBD-RjUL
041 _aeng
082 _a658
_bEMM 1975
100 1 _aEmory, william
_946197
245 1 0 _aMaking management decisions /
260 _aNew Delhi :
_boxford and iba pub. co.,
_cc1968[imprint1975].
300 _aix. 306p. :
_bills. ;
_c18 cm.
500 _aincludes index.
650 0 _aDecision making
_946198
650 0 _aProblem solving.
_919627
700 1 _aSlack, Nigel.
_946199
942 _2ddc
_cBK
999 _c14840
_d14840